000 01248nam a22003617a 4500
003 CHAP
005 20220817041845.0
008 971013s r 00010 d
010 _a26690
011 _a27662
035 _a31763
040 _cCHAP
082 _a339.42
_bE5
110 _aEl Colegio de México
245 _aFuerza de trabajo y actividad económica por sectores
260 _aMéxico, D.F. :
_b(s.e.),
_c(s.a.)
300 _a323 p.
490 _aEstadísticas económicas del Porfiriato
590 _aBATCH-UPD
_b10
_c20130110
_lUCH01
_h0928
590 _aBATCH-UPD
_b10
_c20130410
_lUCH01
_h0548
590 _aBATCH-UPD
_b10
_c20130914
_lUCH01
_h1053
590 _aCONVERSION
_b10
_c20130109
_lUCH01
_h1315
650 1 4 _aCostos y nivel de vida
_zMéxico.
_928549
650 1 4 _aHistoria económica.
_955624
650 1 4 _aMéxico
_xCondiciones económicas.
650 1 4 _aMéxico
_xEstadísticas.
_976743
650 1 4 _aTrabajo y trabajadores
_xEstadísticas.
_9114522
830 0 _aEstadísticas económicas del Porfiriato
_938265
901 _aBK
942 _cLIBRO
949 _a339.42 E5
_bBC
_cLIBRO
_d33724000380275
_eLIBRO
_fc.2
_h29934
_i31763
_mD
_si
949 _a339.42 E5
_bBC
_cLIBRO
_d33724000380317
_eLIBRO
_h17355
_i31763
_mD
_si
999 _c26690
_d26690